Canadian Maritime Law

Bibliographic Details
Main Author: Gold, Edgar
Other Authors: Chircop, Aldo, Kindred, Hugh M., Moreira, William
Format: eBook
Language:English
Published: Toronto: Irwin Law Inc., 2016
Edition:Segunda Edicin̤
Subjects:
Online Access:Acceso restringido

MARC

LEADER 00000nam a22000007a 4500
005 2021080503333.0
007 cr|||| |||
008 210805s2016 ca |||||s|||| 00||0 eng d
020 |a 9781552214053 
035 |a 34947 
040 |a vLex 
090 |c 11917  |d 11917 
100 1 |a Gold, Edgar 
245 1 0 |a Canadian Maritime Law  |h [Recurso electrn̤ico] /  |c Edgar Gold, Aldo Chircop 
250 |a Segunda Edicin̤ 
256 |a Servicio en ln̕ea 
260 |a Toronto:  |b Irwin Law Inc.,  |c 2016 
300 |a 1 recurso electrn̤ico 
500 |a Joint winner of the 2005 Walter Owen Book Prize (first edition) Canadian Maritime Law is the leading scholarly text and reference work on maritime law in Canada. It covers the full scope of admiralty, shipping, and navigation issues in the Canadian and international contexts. Since the first edition, maritime law as legislated, judicially developed, and practised in Canada has evolved substantially. Four editors led a team of twenty-eight scholars, practitioners, and other field specialists from across Canada to produce a comprehensive text accompanied by extensive lists of legislation, international treaties, and cases, along with a detailed index. For students and practitioners new to the field, the text uses plain language and defines all technical legal and shipping terms. For experienced legal and other practitioners, it affords the means to analyze maritime issues according to Canadian law, with due notice of its divergence from US and UK law and practice. This text provides insights into the Canadian perspectives, content, experience, and practice in this field and will appeal to legal practitioners, government officials, academics, students, and all others engaged with the regulation of all types of navigation and shipping. Practitioners and scholars in other countries interested in international and comparative maritime law will also benefit from this fully updated work. 
506 1 |a Disponible solo en los productos indicados  |d vLex Global  |d vLex Global (Academic Edition, excluding Law Schools)  |d vLex Global (U.S. Academic Edition, Law Schools)  |d vLex Global (U.S. Academic Edition, excluding Law Schools)  |d vLex Global (Academic Edition, Law Schools) 
650 0 4 |a Derecho Internacional  |z Canad̀ 
700 1 |a Chircop, Aldo 
700 1 |a Kindred, Hugh M. 
700 1 |a Moreira, William 
740 0 |a vLex Libros (Servicio en ln̕ea) 
856 4 0 |u https://app.vlex.com/#/sources/34947  |z Acceso restringido 
942 |c BOOK 
999 0 |a International right